[Event "HUN-chT2 Breyer 0203"]
[Site "Hungary"]
[Date "2003.01.19"]
[Round "5"]
[White "Zahonyi, Abel Mark"]
[Black "Dudics, Istvan"]
[Result "1/2-1/2"]
[WhiteElo "1836"]
[BlackElo "2013"]
[PlyCount "32"]
[EventDate "2002.09.22"]
[EventType "team-tourn"]
[EventRounds "11"]
[EventCountry "HUN"]
[SourceTitle "EXT 2009"]
[Source "ChessBase"]
[SourceDate "2008.11.26"]
[SourceVersion "1"]
[SourceVersionDate "2008.11.26"]
[SourceQuality "1"]

1. e4 e6 2. d4 d5 3. Nd2 Nc6 4. c3 Nf6 5. e5 Nd7 6. Bd3 f6 7. Qh5+ Ke7 8. b3 Qe8 9. Qxe8+ Kxe8 10. exf6 gxf6 11. Ne2 e5 12. dxe5 Ndxe5 13. Bc2 Bh6 14. h3 Ne7 15. Ba3 Bd7 16. 0-0-0 Nf5 1/2-1/2

[Event "Budapest FS05 FM"]
[Site "Budapest"]
[Date "2000.05.13"]
[Round "8"]
[White "Dudics, Istvan"]
[Black "Bordas, Gyula"]
[Result "0-1"]
[WhiteElo "2051"]
[BlackElo "2132"]
[PlyCount "106"]
[EventDate "2000.05.06"]
[EventType "tourn"]
[EventRounds "13"]
[EventCountry "HUN"]
[SourceTitle "CBM 076 Extra"]
[Source "ChessBase"]
[SourceDate "2000.07.11"]
[SourceVersion "1"]
[SourceVersionDate "2000.07.11"]
[SourceQuality "1"]

1. d4 c5 2. c3 Qa5 3. e3 d6 4. Bd3 g6 5. Nd2 Bg7 6. Ngf3 e5 7. dxe5 dxe5 8. 0-0 Ne7 9. Nc4 Qc7 10. e4 0-0 11. Ne3 Rd8 12. Qc2 Nd7 13. b3 Nf6 14. h3 b6 15. Bb2 Nh5 16. Rfe1 Nf4 17. Bf1 h6 18. Rad1 Bb7 19. g3 Nh5 20. Bc4 Rxd1 21. Rxd1 Rf8 22. Nd5 Nxd5 23. Bxd5 Bc8 24. Kh2 Qd7 25. Ng1 Nf6 26. Bc4 Qc6 27. f3 b5 28. Bd5 Nxd5 29. Rxd5 Be6 30. Rd1 a5 31. Qd2 a4 32. bxa4 bxa4 33. Ba3 Qb5 34. Qd6 Rc8 35. Qd3 Qxd3 36. Rxd3 Bxa2 37. Rd2 Bc4 38. Ne2 h5 39. Nc1 Bh6 40. Rd1 Be3 41. Nd3 Rd8 42. Nb2 Rxd1 43. Nxd1 Bd2 44. Nb2 Bb3 45. Bxc5 Bxc3 46. Nd3 Bc4 47. Bb4 Bxb4 48. Nxb4 Bb3 49. g4 h4 50. Kg2 a3 51. Kf2 a2 52. Nxa2 Bxa2 53. Ke3 g5 0-1